Efficacy of Mechanical Thrombectomy Using Penumbra Ace (TM) Aspiration Catheter Compared to Stent Retriever Solitaire (TM) Fr in Patients with Acute Ischemic Stroke

Porovnanie procedurálnej účinnosti medzi aspiračným katétrom Penumbra ACETM a stent retríverom Solitaire ™ FR.

Guardado en:
Detalles Bibliográficos
Autor principal: Sila, Dalibor
Otros Autores: Lenski, Markus, Vojtková, Mária, 1966-, Elgharbawy, Mustafa, Charvát, František, Rath, Stefan
Formato: Capítulo de libro
Lenguaje:inglés
Materias:
Etiquetas: Agregar Etiqueta
Sin Etiquetas, Sea el primero en etiquetar este registro!

MARC

LEADER 00000naa a2200000 4500
001 0273724
005 20240502083834.8
041 0 |a eng 
044 |a CH 
245 1 0 |a Efficacy of Mechanical Thrombectomy Using Penumbra Ace (TM) Aspiration Catheter Compared to Stent Retriever Solitaire (TM) Fr in Patients with Acute Ischemic Stroke  |c Dalibor Sila, Markus Lenski, Mária Vojtková, Mustafa Elgharbawy, František Charvát, Stefan Rath 
520 |a Porovnanie procedurálnej účinnosti medzi aspiračným katétrom Penumbra ACETM a stent retríverom Solitaire ™ FR. 
610 2 0 |a zdravotníctvo 
610 2 0 |a technológie nové 
610 2 0 |a regresia 
610 2 0 |a starostlivosť zdravotná 
100 1 |a Sila, Dalibor 
700 1 |a Lenski, Markus 
700 1 |a Vojtková, Mária, 1966- 
700 1 |a Elgharbawy, Mustafa 
700 1 |a Charvát, František 
700 1 |a Rath, Stefan